| 000 | 01000nam a2200301 4500 | ||
|---|---|---|---|
| 001 | 0000016276 | ||
| 003 | CO-CtgCURN | ||
| 005 | 20250331185152.0 | ||
| 007 | ta | ||
| 008 | 160627s1991 000 0 eng d | ||
| 020 | _a9682442060 | ||
| 040 |
_aCO-CtgCURN _bspa _ccoctgcurn |
||
| 082 | 0 |
_a613.8 _bM422p |
|
| 100 | 1 | _aMassun, Edith. | |
| 245 | 1 | 0 |
_aPrevencion del uso indebido de drogas / _cEdith Massun. |
| 260 |
_aMexico : _bTrillas, _c1991. |
||
| 300 | _a176 p. | ||
| 336 | _2rdacontent | ||
| 337 |
_2rdamedia _asin mediacion _bn |
||
| 338 |
_2rdacarrier _avolumen _bnc |
||
| 500 | _aIncluye indice. | ||
| 504 | _aBibliografia (p. 163-165) | ||
| 505 | 8 | _aIdeas terminos y conceptos basicos.--Educación preventiva del consumo indebido de drogas.--Ejemplos y experiencias en las acividades de prevencion | |
| 650 | 1 | 4 |
_aAlucinogenos _vTratamiento. |
| 908 | _a160627 | ||
| 942 |
_cBK _h613.8 _iM422p _2ddc |
||
| 999 |
_c21874 _d21874 |
||